NBA Leading Passers by Team - Statistics

General Stats
  • This quiz has been taken 82 times
  • The average score is 12 of 30
Answer Stats
Team APG Answer % Correct
Lakers 10.6 LeBron James
76%
Rockets 7.4 James Harden
69%
Thunder 6.8 Chris Paul
67%
Bucks 5.8 Giannis Antetokounmpo
63%
Hawks 9.3 Trae Young
63%
Mavericks 8.7 Luka Doncic
57%
76ers 8.2 Ben Simmons
55%
Warriors 6.6 Stephen Curry
55%
Trail Blazers 7.8 Damian Lillard
51%
Heat 6.1 Jimmy Butler
51%
Grizzlies 6.9 Ja Morant
49%
Nuggets 6.9 Nikola Jokic
49%
Pelicans 7.0 Lonzo Ball
48%
Kings 6.8 De'Aaron Fox
45%
Wizards 6.1 Bradley Beal
42%
Celtics 4.9 Kemba Walker
40%
Raptors 7.7 Kyle Lowry
39%
Cavaliers 3.9 Darius Garland
37%
Spurs 5.6 DeMar DeRozan
30%
Pistons 5.6 Derrick Rose
30%
Clippers 5.7 Lou Williams
25%
Timberwolves 6.6 D'Angelo Russell
24%
Suns 8.9 Ricky Rubio
22%
Hornets 7.5 Devonte' Graham
19%
Pacers 7.1 Malcolm Brogdon
15%
Nets 6.8 Spencer Dinwiddie
15%
Magic 5.2 Markelle Fultz
13%
Knicks 7.2 Elfrid Payton
10%
Jazz 5.2 Joe Ingles
4%
Bulls 5.4 Tomas Satoransky
3%
No matching quizzes found
Score Distribution
Percent of People with Each Score
Percentile by Number Answered
Your Score History
You have not taken this quiz